The relationship between state government performance and state quality of life (Record no. 58211)

000 -LEADER
fixed length control field 01420pab a2200169 454500
008 - FIXED-LENGTH DATA ELEMENTS--GENERAL INFORMATION
fixed length control field 180718b2003 xxu||||| |||| 00| 0 eng d
100 ## - MAIN ENTRY--PERSONAL NAME
Personal name Coggburn, Jerrell
245 ## - TITLE STATEMENT
Title The relationship between state government performance and state quality of life
260 ## - PUBLICATION, DISTRIBUTION, ETC.
Date of publication, distribution, etc. 2003
300 ## - PHYSICAL DESCRIPTION
Extent p.1337-354.
520 ## - SUMMARY, ETC.
Summary, etc. This article examines the relationship between government performance and quality of life in the American states. We contend that the management capacity of state governments should have direct, tangible impacts on the overall social and economic well-being of state citizenry. In order to test this idea, we examine the influence of state management capacity (using the 1999 Government Performance Project grades), alongside other economic and political variables, on two prominent measures of state quality of life - The Morgan Quitno "Most Livable State" Index and State Policy Reports" (SPP) "Camelot Index". We find that both state economic conditions and governmental policy priorities have significant impacts on state performance levels. But, our results clearly indicate that the management capacity of state governments also contributes directly to improving the overall quality of life for state citizens. - Reproduced.
650 ## - SUBJECT ADDED ENTRY--TOPICAL TERM
Topical term or geographic name entry element Quality of life
650 ## - SUBJECT ADDED ENTRY--TOPICAL TERM
Topical term or geographic name entry element Good governance
700 ## - ADDED ENTRY--PERSONAL NAME
Personal name Schneider, Saundra K.
773 ## - HOST ITEM ENTRY
Main entry heading International Journal of Public Administration
909 ## -
-- 58211
Holdings
Withdrawn status Lost status Damaged status Not for loan Permanent Location Current Location Date acquired Serial Enumeration / chronology Barcode Date last seen Price effective from Koha item type
        Indian Institute of Public Administration Indian Institute of Public Administration 2018-07-19 Volume no: 26, Issue no: 12 AR58656 2018-07-19 2018-07-19 Articles

Powered by Koha